000 00500nam a2200217Ia 4500
005 20241216005942.0
008 180423s9999||||xx |||||||||||||| ||und||
082 _a160
_bA947
100 _aAYER, A. J.
245 0 _aLENGUAJE, VERDAD Y LOGICA
250 _a0
260 _aESPAÑA
_bMARTINEZ ROCA
_c1971
300 _a180 pag.
_c20 cm
341 _h0
490 _v0
_a0
505 _aLOGICA-VERDAD
541 _aC
_d01-Sep-91
650 _aFILOSOFIA
856 _zHumanidades
942 _cLIBRO
999 _c1576
_d1576